Country Flags #2 (Medium) - Statistics

General Stats
  • This quiz has been taken 183 times
  • The average score is 21 of 25
Answer Stats
Picture Answer % Correct
Norway
98%
Finland
97%
Denmark
96%
India
94%
Turkey
94%
Argentina
92%
Iran
92%
Israel
92%
France
91%
South Africa
91%
Egypt
90%
Italy
90%
Georgia
88%
Iceland
88%
Saudi Arabia
88%
Slovakia
87%
Vietnam
87%
North Korea
85%
Nepal
84%
Ecuador
78%
United Arab Emirates
73%
Jordan
65%
Liberia
57%
Marshall Islands
52%
Tonga
52%
No matching quizzes found
Score Distribution
Percent of People with Each Score
Percentile by Number Answered
Your Score History
You have not taken this quiz